MARC details
| 000 -CABECERA |
| campo de control de longitud fija |
01562nam a2200301 a 4500 |
| 003 - IDENTIFICADOR DEL NÚMERO DE CONTROL |
| campo de control |
DO-SdBNP |
| 005 - FECHA Y HORA DE LA ÚLTIMA TRANSACCIÓN |
| campo de control |
20250610150022.0 |
| 007 - CAMPO FIJO DE DESCRIPCIÓN FÍSICA--INFORMACIÓN GENERAL |
| campo de control de longitud fija |
ta |
| 008 - DATOS DE LONGITUD FIJA--INFORMACIÓN GENERAL |
| campo de control de longitud fija |
221121e2022 dr ac||fr|||| 001 edspa d |
| 020 ## - NÚMERO INTERNACIONAL ESTÁNDAR DEL LIBRO |
| Número Internacional Estándar del Libro |
9789945625127 |
| 040 ## - FUENTE DE LA CATALOGACIÓN |
| Centro catalogador/agencia de origen |
DO-SdBNP |
| Lengua de catalogación |
spa |
| Centro/agencia transcriptor |
BNPHU |
| 082 #4 - NÚMERO DE LA CLASIFICACIÓN DECIMAL DEWEY |
| Número de edición |
22 |
| Número de documento/Ítem |
M696L |
| 245 10 - MENCIÓN DE TÍTULO |
| Título |
Liderazgo, educación y tecnología en la era de la innovación y calidad educativa dentro de la revolución industrial 4.0. / |
| Mención de responsabilidad, etc. |
Ivory Mogollón Lugo, Francisco Cervantes Pérez, Magdalena Cruz Benzán; Editor, Lennys Tejada Batancourt |
| 264 ## - PRODUCCIÓN, PUBLICACIÓN, DISTRIBUCIÓN, FABRICACIÓN Y COPYRIGHT |
| Producción, publicación, distribución, fabricación y copyright |
Santiago de los Caballeros, República Dominicana : |
| Nombre del de productor, editor, distribuidor, fabricante |
UAPA, |
| Fecha de producción, publicación, distribución, fabricación o copyright |
2022 |
| 300 ## - DESCRIPCIÓN FÍSICA |
| Extensión |
229, [10] p. : |
| Otras características físicas |
il., retr. ; |
| Dimensiones |
23 cm. |
| 500 ## - NOTA GENERAL |
| Nota general |
Pensar, hacer e influir en lo educativo, orientar decisiones y unir acciones en prácticas innovadoras y de calidad que cuestionen paradigmas tradicionales. |
| 500 ## - NOTA GENERAL |
| Nota general |
Incluye semblanza de autores. |
| 505 ## - NOTA DE CONTENIDO CON FORMATO |
| Nota de contenido con formato |
Prólogo. |
| Información miscelánea |
Capítulo I. |
| Título |
Liderazgo e innovación en educación.-- |
| Información miscelánea |
Capítulo II. |
| Título |
Calidad Educativa.-- |
| Información miscelánea |
Capítulo III. |
| Título |
Educación y Renovación Industrial 4.0.-- |
| -- |
Semblanzas de autores. |
| 590 ## - NOTA LOCAL (RLIN) |
| Nota local |
Inventariado 2022 / MF |
| 650 #0 - PUNTO DE ACCESO ADICIONAL DE MATERIA--TÉRMINO DE MATERIA |
| Término de materia o nombre geográfico como elemento de entrada |
Liderazgo |
| Subdivisión geográfica |
República Dominicana |
| Subdivisión de forma |
Educación |
| 9 (RLIN) |
2140 |
| 650 #4 - PUNTO DE ACCESO ADICIONAL DE MATERIA--TÉRMINO DE MATERIA |
| 9 (RLIN) |
79873 |
| Término de materia o nombre geográfico como elemento de entrada |
Educación superior |
| Subdivisión general |
Innovaciones tecnológicas |
| Subdivisión geográfica |
República Dominicana |
| 700 1# - PUNTO DE ACCESO ADICIONAL--NOMBRE DE PERSONA |
| Nombre de persona |
Mogollón Lugo, Ivory |
| Término indicativo de función/relación |
ed. |
| 9 (RLIN) |
82868 |
| 700 1# - PUNTO DE ACCESO ADICIONAL--NOMBRE DE PERSONA |
| Nombre de persona |
Francisco, Cervantes Pérez, |
| Término indicativo de función/relación |
ed. |
| 9 (RLIN) |
82869 |
| 700 1# - PUNTO DE ACCESO ADICIONAL--NOMBRE DE PERSONA |
| Nombre de persona |
Magdalena, Cruz Benzan, |
| Término indicativo de función/relación |
ed. |
| 9 (RLIN) |
82870 |
| 710 1# - PUNTO DE ACCESO ADICIONAL--NOMBRE DE ENTIDAD CORPORATIVA |
| 9 (RLIN) |
17444 |
| Nombre de entidad corporativa o nombre de jurisdicción como elemento de entrada |
Universidad Abierta Para Adulto (República Dominicana) |
| 910 ## - DATOS DE OPCIÓN DEL USUARIO (OCLC) |
| Datos de opción del usuario |
MFeliz |
| 942 ## - ELEMENTOS DE PUNTO DE ACCESO ADICIONAL (KOHA) |
| Fuente del sistema de clasificación o colocación |
Dewey Decimal Classification |
| Tipo de ítem Koha |
Libro |